Top 25 Character Mentions Harry Potter Chamber of Secrets - Statistics

General Stats
  • This quiz has been taken 418 times
  • The average score is 22 of 25
Answer Stats
Number of Mentions Answer % Correct
1687 Harry Potter
100%
328 Hermione Granger
100%
714 Ron Weasley
100%
168 Albus Dumbledore
99%
104 Minerva McGonagall
98%
195 Voldemort
98%
164 Draco Malfoy
97%
100 Fred Weasley
96%
91 George Weasley
96%
121 Ginny Weasley
96%
103 Severus Snape
96%
164 Rubeus Hagrid
95%
242 Gilderoy Lockhart
92%
76 Percy Weasley
92%
76 Arthur Weasley
90%
88 Molly Weasley
90%
89 Lucius Malfoy
86%
126 Dobby
84%
43 Vernon Dursley
81%
65 Argus Filch
77%
65 Moaning Myrtle
74%
49 Oliver Wood
74%
53 Colin Creevey
69%
49 Nearly-Headless Nick
66%
50 Salazar Slytherin
53%
No matching quizzes found
Score Distribution
Percent of People with Each Score
Percentile by Number Answered
Your Score History
You have not taken this quiz